000 00377nam a2200133Ia 4500
005 20260328101523.0
008 260328s9999||||xx |||||||||||||| ||und||
100 _aPapanek, Victor
245 0 _aDiseñar para el Mundo real :
_b Ecología Humana y cambio Social /
_cVictor Papanek
260 _bBlume
300 _a339 p.
650 _aDISEÑO INDUSTRIAL - ELEMENTOS
942 _cBK
999 _c9683
_d9683